[Event "15PCR_PF6"]
[Site "?"]
[Date "2004.??.??"]
[Round "2"]
[White "Hrubcik, Martin"]
[Black "Mikoska, Josef"]
[Result "1-0"]
[WhiteElo "2072"]
[BlackElo "2133"]
[PlyCount "27"]
[EventDate "2004.??.??"]
[EventType "corr"]
[EventRounds "2"]
[SourceDate "2005.03.08"]

1. e4 e5 2. f4 d5 3. exd5 Bc5 4. Nc3 exf4 5. Nf3 Ne7 6. d4 Bd6 7. Bd3 O-O 8.
O-O Nd7 9. Ne5 Nf6 10. Bxf4 Nfxd5 11. Nxd5 Nxd5 12. Qh5 g6 13. Qh6 Be7 14. Nxg6
1-0

[Event "15PCR_PF6"]
[Site "?"]
[Date "2004.??.??"]
[Round "1"]
[White "Dedina, Miroslav"]
[Black "Paulik, Vaclav"]
[Result "1/2-1/2"]
[WhiteElo "2297"]
[BlackElo "2172"]
[PlyCount "29"]
[EventDate "2004.??.??"]
[EventType "corr"]
[EventRounds "2"]
[SourceDate "2005.03.08"]

1. d4 Nf6 2. c4 g6 3. Nc3 d5 4. cxd5 Nxd5 5. e4 Nxc3 6. bxc3 Bg7 7. Nf3 c5 8.
Rb1 O-O 9. Be2 cxd4 10. cxd4 Qa5+ 11. Bd2 Qxa2 12. O-O b6 13. Qc1 Bb7 14. Bc4
Qa4 15. Bb5 1/2-1/2

[Event "15PCR_PF6"]
[Site "?"]
[Date "2004.??.??"]
[Round "1"]
[White "Dedina, Miroslav"]
[Black "Mikoska, Josef"]
[Result "1-0"]
[WhiteElo "2297"]
[BlackElo "2133"]
[PlyCount "35"]
[EventDate "2004.??.??"]
[EventType "corr"]
[EventRounds "2"]
[SourceDate "2005.03.08"]

1. d4 Nf6 2. c4 g6 3. Nc3 d5 4. cxd5 Nxd5 5. e4 Nxc3 6. bxc3 Bg7 7. Nf3 c5 8.
Rb1 O-O 9. Be2 cxd4 10. cxd4 Qa5+ 11. Bd2 Qxa2 12. O-O Qe6 13. Qc2 Qc6 14. Qd3
Qd6 15. Bb4 Qd8 16. Rbc1 b6 17. Qa3 Nc6 18. Rxc6 1-0

[Event "15PCR_PF6"]
[Site "?"]
[Date "2004.??.??"]
[Round "2"]
[White "Mikoska, Josef"]
[Black "Koci, Vladimir"]
[Result "0-1"]
[WhiteElo "2133"]
[BlackElo "2270"]
[PlyCount "34"]
[EventDate "2004.??.??"]
[EventType "corr"]
[EventRounds "2"]
[SourceDate "2005.03.08"]

1. e4 g6 2. d4 Bg7 3. c4 d6 4. Nc3 Nf6 5. f3 O-O 6. Be3 Nbd7 7. Nh3 c5 8. Nf2
Qa5 9. d5 a6 10. Qd2 Rb8 11. Be2 b5 12. O-O bxc4 13. Rab1 Nb6 14. Rfc1 Re8 15.
Bh6 Bh8 16. Bf8 Rxf8 17. Qg5 Bg7 0-1

[Event "15PCR_PF6"]
[Site "?"]
[Date "2004.??.??"]
[Round "1"]
[White "Blazek, Jaroslav"]
[Black "Hrubcik, Martin"]
[Result "0-1"]
[WhiteElo "2214"]
[BlackElo "2072"]
[PlyCount "64"]
[EventDate "2004.??.??"]
[EventType "corr"]
[EventRounds "2"]
[SourceDate "2005.03.08"]

1. d4 Nf6 2. c4 c6 3. Nc3 d5 4. e3 e6 5. Nf3 Nbd7 6. Bd3 dxc4 7. Bxc4 b5 8. Bd3
Bb7 9. O-O a6 10. e4 c5 11. d5 Qc7 12. dxe6 fxe6 13. Bc2 Bd6 14. Ng5 Nf8 15. f4
O-O-O 16. Qe2 h6 17. Nf3 Bxf4 18. e5 Bxf3 19. Qxf3 Bxe5 20. Qa8+ Kd7 21. Qxa6
Bxh2+ 22. Kh1 Ke7 23. Qxb5 Rd4 24. Rf3 N8d7 25. Qe2 Bg3 26. Kg1 Ra4 27. Be3
Bh2+ 28. Kf1 Ne5 29. Rxf6 gxf6 30. Qf2 Rg4 31. Bd1 Bg3 32. Qg1 Rd8 0-1

[Event "15PCR_PF6"]
[Site "?"]
[Date "2004.??.??"]
[Round "1"]
[White "Jarabinsky, Martin"]
[Black "Hrubcik, Martin"]
[Result "0-1"]
[WhiteElo "2116"]
[BlackElo "2072"]
[PlyCount "36"]
[EventDate "2004.??.??"]
[EventType "corr"]
[EventRounds "2"]
[SourceDate "2005.03.08"]

1. Nf3 c6 2. c4 d5 3. d4 Nf6 4. Nc3 e6 5. e3 Nbd7 6. Qc2 Bd6 7. Be2 O-O 8. O-O
dxc4 9. Bxc4 b5 10. Be2 Bb7 11. e4 e5 12. Bg5 exd4 13. Nxd4 Qc7 14. f4 Bc5 15.
Rad1 Qb6 16. Qd3 Rfd8 17. e5 Nxe5 18. fxe5 Rxd4 0-1

[Event "15PCR_PF6"]
[Site "?"]
[Date "2004.??.??"]
[Round "2"]
[White "Mikoska, Josef"]
[Black "Paulik, Vaclav"]
[Result "1/2-1/2"]
[WhiteElo "2133"]
[BlackElo "2172"]
[PlyCount "52"]
[EventDate "2004.??.??"]
[EventType "corr"]
[EventRounds "2"]
[SourceDate "2005.03.08"]

1. e4 e5 2. Nf3 Nc6 3. Bb5 a6 4. Ba4 Nf6 5. O-O Nxe4 6. d4 b5 7. Bb3 d5 8. dxe5
Be6 9. Nbd2 Nc5 10. c3 d4 11. Ng5 dxc3 12. Nxe6 fxe6 13. bxc3 Qd3 14. Nf3 Qxd1
15. Bxd1 Be7 16. Be3 Nd3 17. a4 Kf7 18. Be2 Ncxe5 19. Nxe5+ Nxe5 20. axb5 axb5
21. Bxb5 Bf6 22. Be2 Ng6 23. Rad1 Bxc3 24. Rd7+ Ne7 25. Bf3 Rhd8 26. Rxc7 Be5
1/2-1/2

[Event "15PCR_PF6"]
[Site "?"]
[Date "2004.??.??"]
[Round "1"]
[White "Mikoska, Josef"]
[Black "Nigrin, Jiri"]
[Result "1-0"]
[WhiteElo "2133"]
[BlackElo "2104"]
[PlyCount "37"]
[EventDate "2004.??.??"]
[EventType "corr"]
[EventRounds "2"]
[SourceDate "2005.03.08"]

1. e4 c5 2. b3 Nc6 3. f4 d5 4. exd5 Qxd5 5. Nc3 Qf5 6. Bb5 Qxf4 7. Nf3 Bg4 8.
O-O e6 9. Qe1 Bxf3 10. Rxf3 Qd4+ 11. Kh1 Nge7 12. Bb2 Rd8 13. Qf1 Qxd2 14. Bd3
f5 15. Re1 a6 16. Rxe6 Kd7 17. Ree3 Kc7 18. Qa1 Qf2 19. Rxf2 1-0

[Event "15PCR_PF6"]
[Site "?"]
[Date "2004.??.??"]
[Round "1"]
[White "Mikoska, Josef"]
[Black "Hrubcik, Martin"]
[Result "0-1"]
[WhiteElo "2133"]
[BlackElo "2072"]
[PlyCount "66"]
[EventDate "2004.??.??"]
[EventType "corr"]
[EventRounds "2"]
[SourceDate "2005.03.08"]

1. e4 c6 2. d4 d5 3. Nc3 dxe4 4. Nxe4 Bf5 5. Ng3 Bg6 6. Nf3 Nd7 7. Bd3 e6 8.
O-O Ngf6 9. b3 Be7 10. Bb2 O-O 11. Bxg6 hxg6 12. Qe2 Bd6 13. Ne5 Qc7 14. c4 a5
15. a4 Rfd8 16. Rad1 Rac8 17. Bc3 b5 18. Rfe1 bxa4 19. bxa4 Bb4 20. Bxb4 axb4
21. Rb1 Rb8 22. Nxf7 Kxf7 23. Qxe6+ Kf8 24. Qe7+ Kg8 25. Qe6+ Kh8 26. Qh3+ Nh7
27. Ne4 Qf4 28. Rb3 Ndf6 29. Rf3 Qc7 30. Nc5 Qf7 31. Ne6 Re8 32. Rfe3 Kg8 33.
Qf3 b3 0-1

[Event "15PCR_PF6"]
[Site "?"]
[Date "2004.??.??"]
[Round "2"]
[White "Mikoska, Josef"]
[Black "Dedina, Miroslav"]
[Result "1/2-1/2"]
[WhiteElo "2133"]
[BlackElo "2297"]
[PlyCount "55"]
[EventDate "2004.??.??"]
[EventType "corr"]
[EventRounds "2"]
[SourceDate "2005.03.08"]

1. e4 e5 2. Nf3 Nc6 3. Bb5 a6 4. Ba4 Nf6 5. O-O b5 6. Bb3 Bb7 7. d3 Bc5 8. a4
O-O 9. Bg5 h6 10. axb5 axb5 11. Rxa8 Bxa8 12. Bh4 d6 13. c3 g5 14. Bg3 Qd7 15.
Na3 Ne7 16. Nc2 Bb6 17. Nd2 Qg4 18. Qxg4 Nxg4 19. d4 Nc6 20. Ne3 Nxe3 21. fxe3
Kg7 22. Bc2 Ne7 23. h4 Bb7 24. Bd3 c6 25. Nf3 g4 26. Ne1 f6 27. Nc2 h5 28. b4
1/2-1/2

[Event "15PCR_PF6"]
[Site "?"]
[Date "2004.??.??"]
[Round "2"]
[White "Hrubcik, Martin"]
[Black "Blazek, Jaroslav"]
[Result "1/2-1/2"]
[WhiteElo "2072"]
[BlackElo "2214"]
[PlyCount "71"]
[EventDate "2004.??.??"]
[EventType "corr"]
[EventRounds "2"]
[SourceDate "2005.03.08"]

1. e4 c5 2. Nf3 Nc6 3. d4 cxd4 4. Nxd4 Nf6 5. Nc3 e5 6. Ndb5 d6 7. Bg5 a6 8.
Na3 b5 9. Bxf6 gxf6 10. Nd5 f5 11. Bd3 Be6 12. O-O Bg7 13. Qh5 f4 14. c4 bxc4
15. Bxc4 O-O 16. Rac1 Rb8 17. b3 Qa5 18. Nb1 Kh8 19. Nbc3 f5 20. Ne7 Nxe7 21.
Bxe6 Rf6 22. exf5 e4 23. Qg4 Rxe6 24. fxe6 Bxc3 25. Qxf4 Qe5 26. Qf7 Nd5 27.
Kh1 Rg8 28. f4 Qd4 29. Rcd1 Qc5 30. e7 Nf6 31. Qe6 d5 32. Rc1 Qc8 33. Qb6 Kg7
34. g4 Nxg4 35. Rg1 Kf7 36. Rxc3 1/2-1/2

[Event "15PCR_PF6"]
[Site "?"]
[Date "2004.??.??"]
[Round "1"]
[White "Blazek, Jaroslav"]
[Black "Paulik, Vaclav"]
[Result "1-0"]
[WhiteElo "2214"]
[BlackElo "2172"]
[PlyCount "55"]
[EventDate "2004.??.??"]
[EventType "corr"]
[EventRounds "2"]
[SourceDate "2005.03.08"]

1. d4 Nf6 2. c4 g6 3. Nc3 d5 4. Nf3 Bg7 5. Bf4 O-O 6. Rc1 c5 7. dxc5 Be6 8. Nd4
Nc6 9. Nxe6 fxe6 10. e3 Qa5 11. Be2 Rad8 12. Qa4 Qxc5 13. O-O d4 14. exd4 Nxd4
15. Be3 Ne4 16. Bg4 Qe5 17. Qxa7 Nxf2 18. Bxf2 Rxf2 19. Kxf2 Bh6 20. g3 Bxc1
21. Rxc1 Rf8+ 22. Kg2 Qe3 23. Rf1 Nf5 24. Qxb7 Qd2+ 25. Be2 Ne3+ 26. Kh3 Rxf1
27. Bxf1 Nxf1 28. Qb8+ 1-0

[Event "15PCR_PF6"]
[Site "?"]
[Date "2004.??.??"]
[Round "2"]
[White "Paulik, Vaclav"]
[Black "Blazek, Jaroslav"]
[Result "1-0"]
[WhiteElo "2172"]
[BlackElo "2214"]
[PlyCount "57"]
[EventDate "2004.??.??"]
[EventType "corr"]
[EventRounds "2"]
[SourceDate "2005.03.08"]

1. e4 c5 2. Nf3 Nc6 3. d4 cxd4 4. Nxd4 Nf6 5. Nc3 d6 6. Bc4 Qb6 7. Nb3 e6 8.
O-O Be7 9. Be3 Qc7 10. f4 O-O 11. Bd3 a6 12. g4 Nd7 13. g5 Re8 14. Qh5 b5 15.
Rf3 Nb4 16. f5 g6 17. Qh6 Bf8 18. Qh4 Nxd3 19. cxd3 b4 20. Bd4 Ne5 21. Bxe5
dxe5 22. fxg6 fxg6 23. Nd1 a5 24. Nf2 a4 25. Ng4 Rd8 26. Raf1 axb3 27. Nf6+ Kh8
28. Ne8 Qc5+ 29. d4 1-0

[Event "15PCR_PF6"]
[Site "?"]
[Date "2004.??.??"]
[Round "2"]
[White "Hrubcik, Martin"]
[Black "Nigrin, Jiri"]
[Result "1/2-1/2"]
[WhiteElo "2072"]
[BlackElo "2104"]
[PlyCount "69"]
[EventDate "2004.??.??"]
[EventType "corr"]
[EventRounds "2"]
[SourceDate "2005.03.08"]

1. e4 c5 2. Nf3 Nc6 3. d4 cxd4 4. Nxd4 Nf6 5. Nc3 e5 6. Ndb5 d6 7. Bg5 a6 8.
Na3 b5 9. Nd5 Be7 10. Bxf6 Bxf6 11. c3 Bb7 12. Nc2 Bg5 13. a4 bxa4 14. Rxa4 Nb8
15. Bc4 Nd7 16. Qe2 O-O 17. O-O a5 18. Rfa1 Bc6 19. R4a2 Nb6 20. b4 Nxc4 21.
Qxc4 axb4 22. Rxa8 Bxa8 23. Ncxb4 Qb8 24. h3 Bb7 25. Qb5 Rc8 26. Kh2 g6 27. Qd7
Rf8 28. f3 f5 29. Nc6 Bxc6 30. Qxc6 fxe4 31. fxe4 Qb2 32. Ra8 Rxa8 33. Qxa8+
Kg7 34. Qa7+ Kg8 35. Qc7 1/2-1/2

[Event "15PCR_PF6"]
[Site "?"]
[Date "2004.??.??"]
[Round "1"]
[White "Dedina, Miroslav"]
[Black "Koci, Vladimir"]
[Result "1-0"]
[WhiteElo "2297"]
[BlackElo "2270"]
[PlyCount "43"]
[EventDate "2004.??.??"]
[EventType "corr"]
[EventRounds "2"]
[SourceDate "2005.03.08"]

1. d4 Nf6 2. c4 e6 3. Nc3 d5 4. Nf3 c5 5. cxd5 Nxd5 6. e4 Nxc3 7. bxc3 cxd4 8.
cxd4 Nc6 9. Bf4 Qf6 10. Bd2 Nxd4 11. Qa4+ Nc6 12. Rc1 Bd7 13. Bb5 e5 14. O-O
Rb8 15. Bg5 Qe6 16. Rfd1 f6 17. Bc4 Qe7 18. Be3 a6 19. Qc2 Rc8 20. Bd5 b5 21.
Bb6 a5 22. Qe2 1-0

[Event "15PCR_PF6"]
[Site "?"]
[Date "2004.??.??"]
[Round "1"]
[White "Dedina, Miroslav"]
[Black "Hrubcik, Martin"]
[Result "1/2-1/2"]
[WhiteElo "2297"]
[BlackElo "2072"]
[PlyCount "33"]
[EventDate "2004.??.??"]
[EventType "corr"]
[EventRounds "2"]
[SourceDate "2005.03.08"]

1. d4 Nf6 2. c4 e6 3. Nf3 d5 4. Nc3 c6 5. Bg5 h6 6. Bxf6 Qxf6 7. e3 Nd7 8. Bd3
dxc4 9. Bxc4 g6 10. O-O Bg7 11. Rc1 O-O 12. Bb3 Qe7 13. Ne4 Rd8 14. Qc2 Nf6 15.
Nxf6+ Bxf6 16. Ne5 Bg7 17. f4 1/2-1/2

[Event "15PCR_PF6"]
[Site "?"]
[Date "2004.??.??"]
[Round "1"]
[White "Koci, Vladimir"]
[Black "Mikoska, Josef"]
[Result "1-0"]
[WhiteElo "2270"]
[BlackElo "2133"]
[PlyCount "77"]
[EventDate "2004.??.??"]
[EventType "corr"]
[EventRounds "2"]
[SourceDate "2005.03.08"]

1. d4 Nf6 2. Nf3 g6 3. Bf4 Bg7 4. e3 O-O 5. Nbd2 d6 6. Bd3 Nbd7 7. e4 c5 8. c3
h6 9. d5 a6 10. a4 b6 11. O-O Qc7 12. Nc4 Bb7 13. Qd2 g5 14. Bg3 b5 15. axb5
axb5 16. Na3 Qb6 17. Rae1 c4 18. Bb1 Nh5 19. Nd4 Nxg3 20. hxg3 b4 21. Nxc4 Qc5
22. Qd3 Ne5 23. Nxe5 Bxe5 24. Nb3 Qb6 25. c4 Rfc8 26. Kh2 Ba6 27. Rc1 Kf8 28.
Qe2 Qc7 29. f4 gxf4 30. gxf4 Bg7 31. Bd3 Rd8 32. Qh5 Bxb2 33. e5 dxe5 34. Qxh6+
Ke8 35. Bf5 exf4 36. Be6 f3+ 37. Kh3 Qe5 38. Bxf7+ Kxf7 39. Rxf3+ 1-0

[Event "15PCR_PF6"]
[Site "?"]
[Date "2004.??.??"]
[Round "1"]
[White "Dedina, Miroslav"]
[Black "Jarabinsky, Martin"]
[Result "1/2-1/2"]
[WhiteElo "2297"]
[BlackElo "2116"]
[PlyCount "43"]
[EventDate "2004.??.??"]
[EventType "corr"]
[EventRounds "2"]
[SourceDate "2005.03.08"]

1. d4 f5 2. Nc3 d5 3. Bg5 h6 4. Bf4 Nf6 5. e3 e6 6. Nb5 Bd6 7. Nxd6+ cxd6 8.
Nf3 g5 9. Bg3 Ke7 10. Bd3 Qb6 11. b3 Qb4+ 12. Kf1 Qc3 13. h4 g4 14. Ng1 Qa5 15.
Ne2 b6 16. Nf4 Rg8 17. h5 Ba6 18. c4 Rc8 19. Rc1 dxc4 20. bxc4 Qxa2 21. Ra1 Qb2
22. Rb1 1/2-1/2

[Event "15PCR_PF6"]
[Site "?"]
[Date "2004.??.??"]
[Round "1"]
[White "Paulik, Vaclav"]
[Black "Mikoska, Josef"]
[Result "1/2-1/2"]
[WhiteElo "2172"]
[BlackElo "2133"]
[PlyCount "126"]
[EventDate "2004.??.??"]
[EventType "corr"]
[EventRounds "2"]
[SourceDate "2005.03.08"]

1. e4 e5 2. Nf3 Nc6 3. d4 exd4 4. Nxd4 Nf6 5. Nc3 Bb4 6. Nxc6 bxc6 7. Bd3 d5 8.
exd5 cxd5 9. O-O O-O 10. Bg5 c6 11. Ne2 Re8 12. Nd4 Qd6 13. Bh4 Ng4 14. Bg3 Qf6
15. Be2 Ne5 16. c3 Bc5 17. Qd2 Bd7 18. Rfe1 a5 19. b3 Bd6 20. a4 Rab8 21. Rad1
Re7 22. Bf1 Rbe8 23. Re3 h5 24. h3 h4 25. Bh2 Ng6 26. Rxe7 Bxh2+ 27. Kxh2 Rxe7
28. b4 axb4 29. cxb4 Re8 30. a5 Nf4 31. Kh1 Rb8 32. a6 Ra8 33. Rc1 Ng6 34. Kg1
Nf4 35. Qc3 Qe7 36. Qe3 Qf6 37. Nf3 Re8 38. Qa7 Bf5 39. Qd4 Qh6 40. Ra1 Be4 41.
a7 Ra8 42. Qe5 Nxh3+ 43. gxh3 Bxf3 44. Bd3 g6 45. Ra6 Qh8 46. Qb8+ Kh7 47. Qf4
Be4 48. Bxe4 dxe4 49. Qxh4+ Kg7 50. Qxe4 Qxh3 51. b5 Qh5 52. bxc6 Qg5+ 53. Kf1
Qb5+ 54. Qe2 Qd5 55. f3 Qh5 56. Qb2+ f6 57. Qg2 Re8 58. Rb6 Qa5 59. Rb7+ Kf8
60. Qf2 Qh5 61. Kg2 Qg5+ 62. Qg3 Re2+ 63. Kf1 Qxg3 1/2-1/2

[Event "15PCR_PF6"]
[Site "?"]
[Date "2004.??.??"]
[Round "2"]
[White "Nigrin, Jiri"]
[Black "Mikoska, Josef"]
[Result "0-1"]
[WhiteElo "2104"]
[BlackElo "2133"]
[PlyCount "122"]
[EventDate "2004.??.??"]
[EventType "corr"]
[EventRounds "2"]
[SourceDate "2005.03.08"]

1. e4 e5 2. Nf3 Nc6 3. Bb5 a6 4. Bxc6 dxc6 5. O-O f6 6. d4 exd4 7. Nxd4 c5 8.
Nb3 Qxd1 9. Rxd1 Bg4 10. f3 Bd7 11. Nc3 O-O-O 12. Bf4 c4 13. Na5 Bc5+ 14. Kf1
Ne7 15. Nxc4 Be6 16. Nd2 g5 17. Bg3 h5 18. Nb3 Bb4 19. Bf2 Bc4+ 20. Ne2 Ng6 21.
Rd4 Rxd4 22. Nbxd4 Rd8 23. c3 Bd6 24. h4 Nf4 25. b3 Bd3 26. Be3 c5 27. Bxf4
Bxf4 28. Nf5 Bxe2+ 29. Kxe2 Rd2+ 30. Kf1 Be5 31. hxg5 fxg5 32. a3 Kd7 33. Rc1
Ke6 34. b4 c4 35. Ne3 b5 36. a4 Ra2 37. axb5 axb5 38. Nd5 h4 39. Ne3 Rd2 40.
Nd5 Bg3 41. Kg1 g4 42. f4 Re2 43. Nc7+ Kd7 44. Nxb5 Bxf4 45. Rd1+ Ke7 46. Nd4
Be3+ 47. Kh2 Bxd4 48. Rxd4 h3 49. e5 Rxg2+ 50. Kh1 Ke6 51. Re4 Rg3 52. b5 Rxc3
53. Rxg4 Kf5 54. Rh4 Kxe5 55. b6 Kd5 56. b7 Rb3 57. Rh5+ Kc6 58. Rh4 Rb1+ 59.
Kh2 Kc5 60. Rh7 c3 61. Rd7 Rb6 0-1

[Event "15PCR_PF6"]
[Site "?"]
[Date "2004.??.??"]
[Round "2"]
[White "Nigrin, Jiri"]
[Black "Hrubcik, Martin"]
[Result "0-1"]
[WhiteElo "2104"]
[BlackElo "2072"]
[PlyCount "98"]
[EventDate "2004.??.??"]
[EventType "corr"]
[EventRounds "2"]
[SourceDate "2005.03.08"]

1. e4 c6 2. d4 d5 3. exd5 cxd5 4. c4 Nf6 5. Nc3 Nc6 6. Nf3 Bg4 7. cxd5 Nxd5 8.
Qb3 Bxf3 9. gxf3 e6 10. Qxb7 Nxd4 11. Bb5+ Nxb5 12. Qc6+ Ke7 13. Qxb5 Qd7 14.
Nxd5+ Qxd5 15. Bg5+ f6 16. Qxd5 exd5 17. Be3 Ke6 18. Ke2 Bd6 19. f4 Rhc8 20.
Rac1 a5 21. Kd3 Kf5 22. Rxc8 Rxc8 23. Rb1 Bxf4 24. b4 Bxh2 25. bxa5 Be5 26. Rb5
Rc3+ 27. Ke2 Ra3 28. Rxd5 h5 29. Rd7 g5 30. Bb6 Rxa2+ 31. Rd2 Ra4 32. Rd1 h4
33. Kf1 Ra2 34. Rc1 h3 35. Kg1 g4 36. Re1 Kg6 37. Rc1 Bf4 38. Rd1 Bd2 39. Bc7
Bxa5 40. Bg3 Bd2 41. Rb1 Kg5 42. Rb8 Bf4 43. Rb5+ f5 44. Kh1 Ra3 45. Kh2 Rf3
46. Rb2 Bxg3+ 47. fxg3 f4 48. Rb5+ Kh6 49. Rb6+ Kh7 0-1

[Event "15PCR_PF6"]
[Site "?"]
[Date "2004.??.??"]
[Round "2"]
[White "Hrubcik, Martin"]
[Black "Paulik, Vaclav"]
[Result "1-0"]
[WhiteElo "2072"]
[BlackElo "2172"]
[PlyCount "105"]
[EventDate "2004.??.??"]
[EventType "corr"]
[EventRounds "2"]
[SourceDate "2005.03.08"]

1. e4 c5 2. Nf3 Nc6 3. d4 cxd4 4. Nxd4 Nf6 5. Nc3 e5 6. Ndb5 d6 7. Bg5 a6 8.
Na3 b5 9. Bxf6 gxf6 10. Nd5 f5 11. Bd3 Be6 12. O-O Bg7 13. Qh5 f4 14. c4 bxc4
15. Bxc4 Nd4 16. Rac1 Rc8 17. Bxa6 Rxc1 18. Rxc1 O-O 19. Nb5 Bxd5 20. exd5 Qb6
21. Nxd4 Qxd4 22. Qf5 Qxb2 23. Rb1 Qxa2 24. Bd3 Ra8 25. Qxh7+ Kf8 26. h4 Qa7
27. h5 Bf6 28. Bg6 Qe7 29. Bf5 Qc7 30. Rb4 Ke7 31. Be6 Kf8 32. Rc4 Qe7 33. Bh3
Re8 34. Bf5 Qa7 35. Bg6 f3 36. Bf5 Qa1+ 37. Kh2 e4 38. Rc7 Qe5+ 39. g3 Qxd5 40.
Bg6 Re7 41. Rc8+ Re8 42. Qh6+ Bg7 43. Rxe8+ Kxe8 44. Qxg7 fxg6 45. Qxg6+ Ke7
46. h6 Qd4 47. h7 Qxf2+ 48. Kh3 Qd4 49. Qg5+ Kd7 50. Qh4 f2 51. Kg2 Qd3 52.
Kxf2 e3+ 53. Kf3 1-0

[Event "15PCR_PF6"]
[Site "?"]
[Date "2004.??.??"]
[Round "1"]
[White "Paulik, Vaclav"]
[Black "Jarabinsky, Martin"]
[Result "1/2-1/2"]
[WhiteElo "2172"]
[BlackElo "2116"]
[PlyCount "58"]
[EventDate "2004.??.??"]
[EventType "corr"]
[EventRounds "2"]
[SourceDate "2005.03.08"]

1. e4 c5 2. f4 Nc6 3. Nf3 e6 4. Bb5 Nge7 5. O-O a6 6. Bxc6 Nxc6 7. d3 d5 8. c4
Be7 9. exd5 exd5 10. Nc3 dxc4 11. dxc4 Qxd1 12. Rxd1 Be6 13. b3 Bf6 14. Bb2 Nd4
15. Ne5 O-O-O 16. Ne4 Be7 17. Ng5 Ne2+ 18. Kh1 Nxf4 19. Nexf7 Rxd1+ 20. Rxd1
Bxf7 21. Nxf7 Rf8 22. Ne5 Ne6 23. Nd7 Rf2 24. Nb6+ Kc7 25. Nd5+ Kd7 26. Be5 Ke8
27. Re1 Rxa2 28. Bc3 Kd7 29. Nb6+ Kd6 1/2-1/2

[Event "15PCR_PF6"]
[Site "?"]
[Date "2004.??.??"]
[Round "1"]
[White "Koci, Vladimir"]
[Black "Paulik, Vaclav"]
[Result "0-1"]
[WhiteElo "2270"]
[BlackElo "2172"]
[PlyCount "86"]
[EventDate "2004.??.??"]
[EventType "corr"]
[EventRounds "2"]
[SourceDate "2005.03.08"]

1. d4 Nf6 2. Nf3 g6 3. Bf4 Bg7 4. e3 d5 5. Nbd2 O-O 6. Bd3 Nbd7 7. c3 c5 8. h3
b6 9. Ne5 Bb7 10. Ndf3 Ne4 11. Qc2 f6 12. Nxd7 Qxd7 13. O-O Rae8 14. Rfd1 Nd6
15. dxc5 bxc5 16. Bxd6 exd6 17. Be2 f5 18. Nd2 f4 19. Bg4 Qf7 20. exf4 Qxf4 21.
Bf3 Re7 22. Nf1 Qg5 23. h4 Qf5 24. Ne3 Qxc2 25. Nxc2 Rb8 26. Re1 Rxe1+ 27. Nxe1
Ba8 28. Nd3 c4 29. Nf4 Rxb2 30. Bxd5+ Bxd5 31. Nxd5 a5 32. a4 Rd2 33. Ne3 d5
34. Rc1 Kf7 35. Kf1 Ke6 36. h5 Kd6 37. hxg6 hxg6 38. Nd1 Ra2 39. Rb1 d4 40.
Rb6+ Kc5 41. Rb5+ Kc6 42. cxd4 Bxd4 43. Ne3 c3 0-1

[Event "15PCR_PF6"]
[Site "?"]
[Date "2004.??.??"]
[Round "2"]
[White "Paulik, Vaclav"]
[Black "Koci, Vladimir"]
[Result "1-0"]
[WhiteElo "2172"]
[BlackElo "2270"]
[PlyCount "71"]
[EventDate "2004.??.??"]
[EventType "corr"]
[EventRounds "2"]
[SourceDate "2005.03.08"]

1. e4 g6 2. d4 Bg7 3. Nc3 d6 4. Be3 Nf6 5. f3 c6 6. Qd2 Nbd7 7. g4 b5 8. h4 h6
9. Nh3 b4 10. Ne2 Qa5 11. a3 c5 12. Nf2 Ba6 13. Nd3 Rb8 14. Bh3 Nb6 15. b3 Bxd3
16. cxd3 Nfd7 17. O-O Nc8 18. Ra2 e6 19. dxc5 Nxc5 20. Rb1 Qd8 21. Bf2 bxa3 22.
Rxa3 Bf6 23. d4 Nd7 24. h5 gxh5 25. gxh5 Bg5 26. Qc3 Rg8 27. Kh2 Bf6 28. f4 Kf8
29. Qf3 Bh8 30. Rc1 Bf6 31. e5 Be7 32. f5 dxe5 33. fxe6 Nf6 34. exf7 Rg5 35.
dxe5 Rxe5 36. Nf4 1-0

[Event "15PCR_PF6"]
[Site "?"]
[Date "2004.??.??"]
[Round "2"]
[White "Nigrin, Jiri"]
[Black "Dedina, Miroslav"]
[Result "1-0"]
[WhiteElo "2104"]
[BlackElo "2297"]
[PlyCount "71"]
[EventDate "2004.??.??"]
[EventType "corr"]
[EventRounds "2"]
[SourceDate "2005.03.08"]

1. d4 Nf6 2. c4 e6 3. Nf3 c5 4. d5 d6 5. Nc3 exd5 6. cxd5 g6 7. e4 Bg7 8. Bd3
O-O 9. O-O a6 10. a4 Bg4 11. h3 Bxf3 12. Qxf3 Nbd7 13. Bf4 Qb6 14. Rfb1 Nh5 15.
Bh2 Ne5 16. Qd1 Nxd3 17. Qxd3 Rae8 18. a5 Qc7 19. Ra4 Rd8 20. Ne2 Rfe8 21. f3
Re7 22. b4 c4 23. Qc2 f5 24. b5 c3 25. bxa6 bxa6 26. Kh1 fxe4 27. fxe4 Rb8 28.
Rxb8+ Qxb8 29. Rc4 Rf7 30. g4 Qa7 31. gxh5 Qe3 32. Rc8+ Rf8 33. Rxf8+ Bxf8 34.
Kg2 Qg5+ 35. Bg3 gxh5 36. Kf3 1-0

[Event "15PCR_PF6"]
[Site "?"]
[Date "2004.??.??"]
[Round "1"]
[White "Koci, Vladimir"]
[Black "Hrubcik, Martin"]
[Result "1/2-1/2"]
[WhiteElo "2270"]
[BlackElo "2072"]
[PlyCount "86"]
[EventDate "2004.??.??"]
[EventType "corr"]
[EventRounds "2"]
[SourceDate "2005.03.08"]

1. d4 Nf6 2. Nf3 d5 3. Bf4 c5 4. e3 Nc6 5. c3 Qb6 6. Qb3 c4 7. Qxb6 axb6 8. Na3
Ra5 9. Nd2 e6 10. Nc2 Nh5 11. Bg5 h6 12. Bh4 g5 13. Be2 Nf4 14. exf4 gxh4 15.
Nf3 Rg8 16. Nxh4 Be7 17. g3 Bxh4 18. gxh4 Ra7 19. f5 Ke7 20. Bf3 Kd6 21. Ne3 b5
22. Ke2 b4 23. a3 bxc3 24. bxc3 Bd7 25. fxe6 fxe6 26. Bg4 Ne7 27. f3 Rga8 28.
Nc2 Ba4 29. Kd2 Bxc2 30. Kxc2 Ng6 31. Rhb1 Kc6 32. f4 Rxa3 33. Rxa3 Rxa3 34.
Rf1 Ra2+ 35. Kb1 Rxh2 36. Bxe6 Rxh4 37. f5 Rf4 38. Rh1 Nh4 39. f6 Rxf6 40.
Bxd5+ Kxd5 41. Rxh4 Rg6 42. Kb2 Rb6+ 43. Kc2 Re6 1/2-1/2

[Event "15PCR_PF6"]
[Site "?"]
[Date "2004.??.??"]
[Round "2"]
[White "Hrubcik, Martin"]
[Black "Dedina, Miroslav"]
[Result "1-0"]
[WhiteElo "2072"]
[BlackElo "2297"]
[PlyCount "61"]
[EventDate "2004.??.??"]
[EventType "corr"]
[EventRounds "2"]
[SourceDate "2005.03.08"]

1. e4 e5 2. f4 d5 3. exd5 c6 4. Nc3 exf4 5. Nf3 Bd6 6. Bc4 Ne7 7. dxc6 Nbxc6 8.
d4 O-O 9. O-O Bf5 10. Ng5 Bg6 11. Nge4 Bb4 12. d5 Na5 13. Be2 Bxe4 14. Nxe4
Nxd5 15. Bxf4 Qb6+ 16. Kh1 Rad8 17. Bd3 f5 18. Ng5 h6 19. Nh3 Qc6 20. Qe2 Rf7
21. c4 Nxf4 22. Nxf4 Qc8 23. Nd5 Nc6 24. g4 Nd4 25. Qf2 Qc5 26. a3 Nb3 27. Qe2
Ba5 28. Rad1 Nd4 29. Qg2 Bc7 30. gxf5 Nc6 31. f6 1-0

[Event "15PCR_PF6"]
[Site "?"]
[Date "2004.??.??"]
[Round "2"]
[White "Koci, Vladimir"]
[Black "Dedina, Miroslav"]
[Result "1-0"]
[WhiteElo "2270"]
[BlackElo "2297"]
[PlyCount "47"]
[EventDate "2004.??.??"]
[EventType "corr"]
[EventRounds "2"]
[SourceDate "2005.03.08"]

1. d4 Nf6 2. Nf3 c5 3. d5 b5 4. Bg5 Qa5+ 5. c3 Bb7 6. Bxf6 gxf6 7. e4 d6 8.
Nbd2 Nd7 9. a4 b4 10. Nb3 Qc7 11. cxb4 a6 12. b5 Rg8 13. g3 c4 14. bxa6 Bxa6
15. Nbd4 Rb8 16. Qc2 Qc5 17. Nc6 Rb7 18. Nd2 f5 19. Nxc4 Bg7 20. Rc1 Bxc4 21.
b4 Bb3 22. Qd2 Qb6 23. a5 Qc7 24. a6 1-0

[Event "15PCR_PF6"]
[Site "?"]
[Date "2004.??.??"]
[Round "1"]
[White "Koci, Vladimir"]
[Black "Jarabinsky, Martin"]
[Result "1-0"]
[WhiteElo "2270"]
[BlackElo "2116"]
[PlyCount "69"]
[EventDate "2004.??.??"]
[EventType "corr"]
[EventRounds "2"]
[SourceDate "2005.03.08"]

1. d4 Nf6 2. Nf3 e6 3. Bf4 c5 4. e3 Be7 5. Nbd2 Nc6 6. c3 d5 7. Ne5 O-O 8. Qf3
Nxe5 9. dxe5 Nd7 10. Bd3 Qb6 11. Rb1 Qa5 12. a3 Qa4 13. c4 Nb6 14. b3 Qxa3 15.
Qh3 g6 16. O-O Bd7 17. Qh6 Rfe8 18. Nf3 Bf8 19. Qh4 h5 20. g4 dxc4 21. Be4 cxb3
22. gxh5 Qa4 23. Ng5 Bg7 24. hxg6 fxg6 25. Bxg6 Nd5 26. Qh5 Re7 27. Bf7+ Rxf7
28. Qxf7+ Kh8 29. Qg6 Kg8 30. Nxe6 Bxe6 31. Qxe6+ Kf8 32. Qxd5 Qc6 33. Qxc6
bxc6 34. Rxb3 Re8 35. Ra3 1-0